Plus grande ville de France sans... - Statistiques

Statistiques générales
  • Ce quiz a été pris 180 fois
    158 depuis la dernière actualisation
  • Le résultat moyen est 4 sur 20
Statistiques - réponses
Indice Réponse % Correct
Plus grande ville de France... Paris
99%
En dehors du département 75 Marseille
98%
Sans les capitales régionales Nice
58%
Française avant 1700 Montpellier
26%
Sans les sièges de région Toulon
18%
Sans les bases navales Reims
12%
Sans les villes inscrites à l'Unesco¹ Saint-Étienne
9%
En excluant les villes ayant ville dans leur nom Grenoble
6%
Sans les champions de Ligue 1 (football) Villeurbanne
6%
N'étant pas le centre d'un réseau de tramway Saint-Denis
5%
N'ayant jamais été capitale régionale Perpignan
3%
Uniquement en France métropolitaine Aix-en-Provence
2%
Dans un département² de moins de 1 500 000 habitants Antibes
2%
Sans club de football ou de Rugby (Top 14 et PRO D2) professionnel Cholet
2%
En un seul mot Limoges
2%
En dehors de la région PACA Lorient
2%
Sans les préfectures Montreuil
2%
En dehors d'Île de France Tourcoing
2%
Dans un département au numéro pair Alès
1%
Au nord de Bordeaux Rezé
1%
Aucun quiz correspondant
Distribution des résultats
% des personnes avec chaque résultat
Percentile par nombre de réponses
Votre historique - résultats
Vous n’avez pas pris ce quiz depuis la dernière actualisation